Catalogue de la bibliothèque de feu M. le docteur E.T. Hamy...Vente du lundi 17 mai au mardi 25 mai...

Saved in:
Bibliographic Details
Main Author: Hamy, E. T. 1842-1908.
Format: eBook
Language:French
Published: Paris, E. Leroux, 1909.
Tags: Add Tag
No Tags, Be the first to tag this record!
LEADER 01001nam a22002291 4500
001 MIU01-001761851
003 MiU
005 19891207000000.0
006 m d |||||
007 cr bn ---auaua
008 891207s1909 fr |||||||||||||||||fre|d
035 |a (CaOTULAS)176703109 
035 |a (SAZTEC)148006280 
035 |a (OCoLC)ocm23396571 
038 |a MiU 
040 |c SAZTEC 
100 1 |a Hamy, E. T.  |q (Ernest Théodore),  |d 1842-1908. 
245 1 0 |a Catalogue de la bibliothèque de feu M. le docteur E.T. Hamy...Vente du lundi 17 mai au mardi 25 mai... 
260 |a Paris,  |b E. Leroux,  |c 1909. 
300 |a [4], 118 p.  |b front. (port.)  |c 27 cm. 
538 |a Mode of access: Internet. 
588 |a This bibliographic record is available under the Creative Commons CC0 public domain dedication. The University of Michigan Libraries, as creator of this bibliographic record, has waived all rights to it worldwide under copyright law, including all related and neighboring rights, to the extent allowed by law.